| 000 | 00865cam a2200277I 4500 | ||
|---|---|---|---|
| 001 | 1414 | ||
| 003 | BD-RjUL | ||
| 005 | 20211208233332.0 | ||
| 008 | 131125r1965 ilu 00|00 engmd | ||
| 035 | _a(BD-RjUL)1436 | ||
| 040 |
_aDLC _cDLC _dOCL _dSER _dBD-RjUL _beng |
||
| 041 | 1 |
_aeng _hger |
|
| 082 |
_216 _a616.8914 _bJAN 1965 |
||
| 090 |
_aRC480.5 _b.J2 1965 |
||
| 100 | 1 | 0 |
_aJaspers, Karl, _d1883-1969. _93367 |
| 245 | 1 | 4 |
_aThe nature of psychotherapy : _ba critical appraisal / _cTranslated by J. Hoenig & Marian W. Hamilton. |
| 260 |
_aChicago: _bUniversity of Chicago Press _c 1965 |
||
| 300 |
_axi, 52 p. _c21 cm. |
||
| 490 | 0 | _aPhoenix books. | |
| 500 | _aAn extract from the author's General psychopathology. | ||
| 504 | _aIncludes Index | ||
| 650 | 0 |
_aPsychotherapy. _94176 |
|
| 650 | 2 |
_aPsychotherapy. _94177 |
|
| 942 |
_2ddc _cBK |
||
| 999 |
_c1414 _d1414 |
||